El Arte de la maqueta arquitectónica : guía práctica para la construcción de maquetas /

I tiakina i:
Ngā taipitopito rārangi puna kōrero
Kaituhi matua: Moore, Fuller (autor)
Hōputu: Pukapuka
Reo:Pāniora
I whakaputaina: México : McGraw-Hill, 1991, c1991
Ngā marau:
Ngā Tūtohu: Tāpirihia he Tūtohu
Kāore He Tūtohu, Me noho koe te mea tuatahi ki te tūtohu i tēnei pūkete!

MARC

LEADER 00000nam^a2200000^a^4500
001 000053038
005 20250521000000.0
009 20260310090420.605
020 |a 968-422-982-8 
037 |a Acervo ITESO - Biblioteca 
041 |a ESP 
082 |a 720. 22  |b MOO 
100 |a Moore, Fuller  |e (autor) 
245 1 3 |a El Arte de la maqueta arquitectónica :  |b guía práctica para la construcción de maquetas /  |c F. Moore ; tr. por Angel Carlos González Ruiz. 
264 4 |a México :  |b McGraw-Hill,  |c 1991, c1991 
300 |a 124 p. 
336 |a texto  |b txt  |2 rdacontenido 
337 |a sin mediación  |b n  |2 rdamedio 
338 |a volumen  |b nc  |2 rdasoporte 
649 |a XX 
650 |a Maquetas 
650 |a Representación Arquitectónica 
650 |a Diseño Arquitectónico 
650 |a Arquitectura 
910 |a Fondo General 
920 |a Impresos - Libros 
930 |a Colección General 
905 |a 101 
901 |a 0500010536  |b IT1  |c ACC  |u 20250521 
902 |a https://opac.biblio.iteso.mx/vufind/Record/000053038